The way to Russia: Russian language textbook level A1 (14th edition) (Record no. 61534)

MARC details
000 -LEADER
fixed length control field 00734nam a2200193 a 4500
008 - FIXED-LENGTH DATA ELEMENTS--GENERAL INFORMATION
fixed length control field 210303s2016 ||||||||||||||||| || u
020 ## - INTERNATIONAL STANDARD BOOK NUMBER
International Standard Book Number 9785865478171
050 ## - LIBRARY OF CONGRESS CALL NUMBER
Classification number PG 2900 Ant
100 ## - MAIN ENTRY--PERSONAL NAME
Personal name Tolstych, A.A
245 14 - TITLE STATEMENT
Title The way to Russia: Russian language textbook level A1 (14th edition)
Statement of responsibility, etc. V.E Antonova; M.M Nakhabina; M.V Safronova; A.A Tolstych
250 ## - EDITION STATEMENT
Edition statement 14th edition
260 ## - PUBLICATION, DISTRIBUTION, ETC.
Place of publication, distribution, etc. St. Petersburg
Date of publication, distribution, etc. 2016
300 ## - PHYSICAL DESCRIPTION
Extent 340 pages: illustrations
650 ## - SUBJECT ADDED ENTRY--TOPICAL TERM
Topical term or geographic name entry element RUSSIAN LITERATURE
700 ## - ADDED ENTRY--PERSONAL NAME
Personal name Antonova, V.E
700 ## - ADDED ENTRY--PERSONAL NAME
Personal name Safronova, M.V
700 ## - ADDED ENTRY--PERSONAL NAME
Personal name Nakhabina, M.M
995 ## - RECOMMENDATION 995 [LOCAL, UNIMARC FRANCE]
-- CBU-MAIN LIBRARY (Kitwe)
-- 1
-- AVAILABLE
-- Mar 3, 2021
-- Main Library Open Access Collection
Holdings
Withdrawn status Lost status Source of classification or shelving scheme Damaged status Not for loan Home library Current library Shelving location Date acquired Total Checkouts Full call number Barcode Date last seen Price effective from Koha item type
          CBU-MAIN LIBRARY, KITWE. CBU-MAIN LIBRARY, KITWE.   11/30/2022   PG 2900 Ant 750870 11/30/2022 11/30/2022 MONOGRAPH